000 00234nam a22000977a 4500
020 _a9780553508840
100 _a Ursula Ziegler Sullivan ;
245 _aItty-Bitty Kitty Rescue
260 _aNew York
_bScholastic
_c2014
942 _cBK
999 _c265131
_d265130